<?xml version="1.0" encoding="UTF-8"?><?xml-stylesheet type="text/xsl" href="static/style.xsl"?><OAI-PMH xmlns="http://www.openarchives.org/OAI/2.0/" xmlns:xsi="http://www.w3.org/2001/XMLSchema-instance" xsi:schemaLocation="http://www.openarchives.org/OAI/2.0/ http://www.openarchives.org/OAI/2.0/OAI-PMH.xsd"><responseDate>2026-06-02T15:21:59Z</responseDate><request verb="GetRecord" identifier="oai:riuma.uma.es:10630/40213" metadataPrefix="marc">https://riuma.uma.es/rest/oai/request</request><GetRecord><record><header><identifier>oai:riuma.uma.es:10630/40213</identifier><datestamp>2026-02-03T12:31:05Z</datestamp><setSpec>com_10630_2254</setSpec><setSpec>col_10630_37959</setSpec></header><metadata><record xmlns="http://www.loc.gov/MARC21/slim" xmlns:dcterms="http://purl.org/dc/terms/" xmlns:doc="http://www.lyncode.com/xoai" xmlns:xsi="http://www.w3.org/2001/XMLSchema-instance" xsi:schemaLocation="http://www.loc.gov/MARC21/slim http://www.loc.gov/standards/marcxml/schema/MARC21slim.xsd">
   <leader>00925njm 22002777a 4500</leader>
   <datafield ind2=" " ind1=" " tag="042">
      <subfield code="a">dc</subfield>
   </datafield>
   <datafield ind2=" " ind1=" " tag="720">
      <subfield code="a">Domínguez Yamasaki, Mª Isabel</subfield>
      <subfield code="e">author</subfield>
   </datafield>
   <datafield ind2=" " ind1=" " tag="260">
      <subfield code="c">2025</subfield>
   </datafield>
   <datafield ind2=" " ind1=" " tag="520">
      <subfield code="a">En España, el número de personas que cuenta con un seguro médico privado asciende a más de 12.400.000 personas. No obstante, ya sea porque el seguro médico no cubre determinados tratamientos o bien porque no se cuente con dicho seguro, puede ser necesario recurrir a la financiación del tratamiento médico que se desee recibir.&#xd;
En este tipo de supuestos se produce la conexión entre los contratos relativos a servicios sanitarios y los contratos de financiación. Pues bien, cuando dicho servicio es financiado a través de lo que se conoce como “crédito al consumo”, la jurisprudencia española suele resolver los siguientes tipos de controversias: a) supuestos en los que el paciente no recibe el tratamiento médico, lo recibe de manera parcial o de forma defectuosa; b) supuestos en los que no se ha cumplido con los deberes de información, ya sea respecto del tratamiento médico o bien en cuanto al contrato de crédito al consumo.</subfield>
   </datafield>
   <datafield ind1="8" ind2=" " tag="024">
      <subfield code="a">https://hdl.handle.net/10630/40213</subfield>
   </datafield>
   <datafield tag="653" ind2=" " ind1=" ">
      <subfield code="a">Contratos</subfield>
   </datafield>
   <datafield tag="653" ind2=" " ind1=" ">
      <subfield code="a">Derecho civil</subfield>
   </datafield>
   <datafield tag="653" ind2=" " ind1=" ">
      <subfield code="a">Crédito al consumo - Derecho</subfield>
   </datafield>
   <datafield tag="653" ind2=" " ind1=" ">
      <subfield code="a">Seguros de asistencia sanitaria</subfield>
   </datafield>
   <datafield ind2="0" ind1="0" tag="245">
      <subfield code="a">Contratos coligados en la prestación de servicios sanitarios.</subfield>
   </datafield>
</record>
</metadata></record></GetRecord></OAI-PMH>